000 00481nam a2200181Ia 4500
008 240925s9999 xx 000 0 und d
020 _a471157724
082 _a621.382 KUR
100 _aKurzewil, Jack
245 3 _aAn Introduction to Digital Communications
250 _aNA
260 _aNew York:
_bJohn Wiley & Sons
_c,2000.
300 _axxxviii,396p.
_bNA
_fOriginal
500 _aIncludes Index
600 _aEngineering Technology
650 _aTechnology
942 _cBK
999 _c7106
_d7106